Reunión Técnica Nacional de Girasol : actas /

Guardado en:
Autor Corporativo: Reunión Técnica Nacional de Girasol Bahía Blanca)
Formato: Libro
Idioma:Spanish
Publicado: Bahía Blanca : Asociación Argentina de Girasol : Universidad Nacional del Sur, 1987.
Etiquetas: Agregar Etiqueta
Sin Etiquetas, Sea el primero en etiquetar este registro!
LEADER 00787nam a22001575a 4500
001 EEA.libagro003692
005 20190520123704.0
008 130809s1987####ag#a##########100#0#spa#d
082 0 4 |a 633.85 
111 2 |a Reunión Técnica Nacional de Girasol  |n (V :  |d 2 al 4 se septiembre de 1987 :  |c Bahía Blanca) 
245 1 0 |a Reunión Técnica Nacional de Girasol :  |b actas /  |c Asociación Argentina de Girasol, Universidad Nacional del Sur. 
260 |a Bahía Blanca :  |b Asociación Argentina de Girasol :  |b Universidad Nacional del Sur,  |c 1987. 
300 |a 292 p :  |b tabls., gráfs. ;  |c 28 cm. 
859 |a AR-BbBCA  |b BIB. AGRONOMIA  |h 633.85  |i R444 5 1987  |p 1988/0929 
859 |a AR-BbBCA  |b BIB. AGRONOMIA  |h 633.85  |i R444 5 1987  |p 1988/0930  |t Ej.2 
859 |a AR-BbBCA  |b BIB. AGRONOMIA  |h 633.85  |i R444 5 1987  |p 1988/0931  |t Ej.3